| 000 | 02523cas a2200481Ia 4500 | ||
|---|---|---|---|
| 001 | 49804 | ||
| 005 | 20230411090000.0 | ||
| 006 | m d | ||
| 007 | cr zn||||||||| | ||
| 008 | 060425c19599999sp ar p s o0 b0spa d | ||
| 010 | _a05204100 | ||
| 035 | _a(OCoLC)ocm67618148 | ||
| 040 |
_aTFW _cTFW _dTFW |
||
| 022 | _y0520-4100 | ||
| 035 | _a(OCoLC)67618148 | ||
| 049 | _aGRAL | ||
| 130 | 0 | _aBoletin americanista (Online) | |
| 245 | 0 | 0 |
_aBoletin americanista _h[electronic resource]. |
| 260 |
_aBarcelona : _bUniversitat de Barcelona |
||
| 300 | _aNo. <31-33, 35-47, 49-55> | ||
| 310 |
_aAnnual, _b<1998- > |
||
| 321 |
_aThree times a year, _b1959-<1960> |
||
| 362 | 1 | _aPrint began witḧno 1 (1959). | |
| 500 | _aTitle from home page (viewed Apr. 25, 2006). | ||
| 501 | _aBoletin Americanista es editada por la Seccion de Historia de América del Departamento de Antropología Cultural e Historia de América y África, recoge periódicamente artículos de investigación y reseñas sobre otras publicaciones de su área de interés, centrada en el estudio del pasado y el presente de América Latina. | ||
| 506 | _aAccess limited to subscribers. | ||
| 530 | _aIssued also in print. | ||
| 546 | _aChiefly in Spanish; some English. | ||
| 550 | _aVols. for 1959- issued by the Câatedra de Historia de Amâerica of the Universidad de Barcelona; <1998- > by Universidad de Barcelona, Facultad de Geografâia e Historia, Secciâon de Historia de Amâerica. | ||
| 538 | _aMode of access: World Wide Web. | ||
| 651 | 0 |
_aAmerica _xHistory _vPeriodicals. |
|
| 651 | 0 |
_aLatin America _xHistory _vPeriodicals. |
|
| 710 | 2 |
_aUniversidad de Barcelona. _bCatedra de Historia de Amâerica. |
|
| 710 | 2 |
_aUniversidad de Barcelona. _bSeccion de Historia de Amâerica. |
|
| 776 | 0 | 8 |
_iPrint version: _tBoletin americanista _w(DLC) 78203751 _w(OCoLC)4748557 |
| 856 |
_3Boletin Americanista _uwww.publicacions.ub.es/revista.asp?codi=BOLET%CDN+AMERICANISTA |
||
| 856 |
_3Universitat de Barcelona, Editor _uhttp://www.publicacions.ub.es/ |
||
| 856 |
_3Boletin Americanista en RESH (Revistas Espanolas de Ciencias Sociales y Humanas) _uhttp://resh.cindoc.csic.es/ficha_rev.php?codrev=1135 |
||
| 856 |
_3Boletin Americanista en Dialnet _uhttp://dialnet.unirioja.es/servlet/revista?tipo_busqueda=CODIGO&clave_revista=5730 |
||
| 856 |
_3Indice de Autores en Dialnet _uhttp://dialnet.unirioja.es/servlet/listaautores?tipo_busqueda=REVISTA&clave_busqueda=5730 |
||
| 942 |
_2lcc _cbk |
||
| 994 |
_aPP _bDRFGD |
||
| 999 |
_c110411 _d110411 |
||